Wszyscy mistrzowie Polski w piłce nożnej - Statystyki

Ogólne statystyki
  • Ten quiz został rozwiązany 122 razy
  • Średni wynik to 77 z 87
Statystyki odpowiedzi
Sezon Zwycięzca % Poprawnych
1954/55 Legia Warszawa
100%
1955/56 Legia Warszawa
100%
1968/69 Legia Warszawa
100%
1969/70 Legia Warszawa
100%
1993/94 Legia Warszawa
100%
1994/95 Legia Warszawa
100%
2001/02 Legia Warszawa
100%
2005/06 Legia Warszawa
100%
2012/13 Legia Warszawa
100%
2013/14 Legia Warszawa
100%
2015/16 Legia Warszawa
100%
2016/17 Legia Warszawa
100%
2017/18 Legia Warszawa
100%
2019/20 Legia Warszawa
100%
2020/21 Legia Warszawa
100%
1982/83 Lech Poznań
98%
1983/84 Lech Poznań
98%
1989/90 Lech Poznań
98%
1991/92 Lech Poznań
98%
1992/93 Lech Poznań
98%
2009/10 Lech Poznań
98%
2014/15 Lech Poznań
98%
1926/27 Wisła Kraków
97%
1927/28 Wisła Kraków
97%
1948/49 Wisła Kraków
97%
1949/50 Wisła Kraków
97%
1977/78 Wisła Kraków
97%
1998/99 Wisła Kraków
97%
2000/01 Wisła Kraków
97%
2002/03 Wisła Kraków
97%
2003/04 Wisła Kraków
97%
2004/05 Wisła Kraków
97%
2007/08 Wisła Kraków
97%
2008/09 Wisła Kraków
97%
2010/11 Wisła Kraków
97%
2018/19 Piast Gliwice
94%
1929/30 Cracovia
91%
1931/32 Cracovia
91%
1936/37 Cracovia
91%
1947/48 Cracovia
91%
1956/57 Górnik Zabrze
89%
1958/59 Górnik Zabrze
89%
1960/61 Górnik Zabrze
89%
1962/63 Górnik Zabrze
89%
1963/64 Górnik Zabrze
89%
1964/65 Górnik Zabrze
89%
1965/66 Górnik Zabrze
89%
1966/67 Górnik Zabrze
89%
1970/71 Górnik Zabrze
89%
1971/72 Górnik Zabrze
89%
1984/85 Górnik Zabrze
89%
1985/86 Górnik Zabrze
89%
1986/87 Górnik Zabrze
89%
1987/88 Górnik Zabrze
89%
1976/77 Śląsk Wrocław
88%
2011/12 Śląsk Wrocław
88%
1932/33 Ruch Chorzów
87%
1933/34 Ruch Chorzów
87%
1934/35 Ruch Chorzów
87%
1935/36 Ruch Chorzów
87%
1937/38 Ruch Chorzów
87%
1950/51 Ruch Chorzów
87%
1951/52 Ruch Chorzów
87%
1952/53 Ruch Chorzów
87%
1959/60 Ruch Chorzów
87%
1967/68 Ruch Chorzów
87%
1973/74 Ruch Chorzów
87%
1974/75 Ruch Chorzów
87%
1978/79 Ruch Chorzów
87%
1988/89 Ruch Chorzów
87%
1999/00 Polonia Warszawa
82%
1980/81 Widzew Łódź
78%
1981/82 Widzew Łódź
78%
1995/96 Widzew Łódź
78%
1996/97 Widzew Łódź
78%
1990/91 Zagłębie Lubin
78%
2006/07 Zagłębie Lubin
78%
1957/58 ŁKS Łódź
77%
1997/98 ŁKS Łódź
77%
1928/29 Warta Poznań
66%
1946/47 Warta Poznań
66%
1953/54 Polonia Bytom
60%
1961/62 Polonia Bytom
60%
1972/73 Stal Mielec
57%
1975/76 Stal Mielec
57%
1979/80 Szombierki Bytom
44%
1930/31 Garbarnia Kraków
37%
Nie znaleziono quizów pasujących do podanych kryteriów
Rozkład punktacji
Procent ludzi z każdym wynikiem
Percentyl według liczby udzielonych odpowiedzi
Twoja historia wyników
Nie rozwiązałeś tego quizu